000 01527nam0a2200373 4500
001 RU\NLR\BIBL_A\022588804
005 20260121154650.0
010 _a978-5-04-191900-9
_92000
021 _aRU
_bКН-П-25-031356
_9КН-П-25-3102
035 _a(NLR Aleph) 022588804
090 _a13535299
_c13535299
100 _a20250722d2025 u y0rusy50 ca
101 1 _arus
_ckor
102 _aRU
105 _aac z 000yy
181 0 _ai3
_baxxe
182 0 _an
200 1 _aПочему я умею читать мысли убийц
_eлекции от профайлера № 1 Южной Кореи
_fКвон Иль Ён
_g[перевод с корейского Е. С. Минко]
203 _aТекст
_bвизуальный
_cнепосредственный
210 _aМосква
_cЭксмо, Бомбора
_d2025
215 _a221, [1] с.
_cил., портр.
_d22
225 1 _aПсихология преступлений
333 _a18+
606 1 _aУбийства серийные
_xКриминалистические исследования
_2nlr_sh1
_2nlr_sh2
_3RU\NLR\AUTH\661373303
606 1 _aПреступления
_xПсихологические исследования
_2nlr_sh1
_2nlr_sh2
_3RU\NLR\AUTH\661348158
686 1 _aХ883.6я9
686 1 _aХ883.3я9
686 1 _aЮ947.11я9
700 0 _aКвон Иль Ён
702 1 _aМинко
_bЕ. С.
_gЕлена С.
_4730
942 _cBOOK
980 _aNB